Solid state physics (Record no. 3407)

MARC details
000 -LEADER
fixed length control field 00545nam a2200181Ia 4500
003 - CONTROL NUMBER IDENTIFIER
control field IN-BaIIA
008 - FIXED-LENGTH DATA ELEMENTS--GENERAL INFORMATION
fixed length control field 211028s9999 xx 000 0 eng d
040 ## - CATALOGING SOURCE
Transcribing agency IIA Library
080 ## - UNIVERSAL DECIMAL CLASSIFICATION NUMBER
Universal Decimal Classification number 539.2
Item number SOL
245 #0 - TITLE STATEMENT
Title Solid state physics
Statement of responsibility, etc. edited by Ryogo Kubo and Takeo Nagamiya
260 ## - PUBLICATION, DISTRIBUTION, ETC.
Place of publication, distribution, etc. New York
Name of publisher, distributor, etc. McGraw-Hill
Date of publication, distribution, etc. 1969
300 ## - PHYSICAL DESCRIPTION
Extent xix, 840p.
650 ## - SUBJECT ADDED ENTRY--TOPICAL TERM
Topical term or geographic name entry element NASA thesaurus
650 ## - SUBJECT ADDED ENTRY--TOPICAL TERM
Topical term or geographic name entry element Solid state physics
700 ## - ADDED ENTRY--PERSONAL NAME
Personal name Kubo, Ryogo, ed.
9 (RLIN) 5870
700 ## - ADDED ENTRY--PERSONAL NAME
Personal name Nagamiya, Takeo,ed.
9 (RLIN) 6032
942 ## - ADDED ENTRY ELEMENTS (KOHA)
Koha item type Books
Holdings
Withdrawn status Lost status Damaged status Not for loan Home library Current library Shelving location Date acquired Cost, normal purchase price Total Checkouts Full call number Barcode Date last seen Cost, replacement price Price effective from Koha item type Purchase Price
        IIA Library-Bangalore IIA Library-Bangalore General Stacks 20/03/1970 140.40   539.2/ SOL 3788 05/11/2021 140.40 20/03/1970 Books Rs. 140.40

Powered by Koha